00341nam a2200133 a 45000010010000000030011000100080041000210350026000620820018000881000022001062450026001282600036001546500017001900000-9372ELIB.Books110520 1963  a(ELIB.Books)0000-9524 a232.954 bSoc aSockman, Ralph W. aWhom Christ Commender bNew York: Abingdon Press c1963 aJesus Christ